[Event "Quantbox Chennai GM 2025"]
[Site "Chennai IND"]
[Date "2025.08.12"]
[Round "6.5"]
[White "Giri, Anish"]
[Black "Vidit, Santosh Gujrathi"]
[Result "1/2-1/2"]
[WhiteTitle "GM"]
[BlackTitle "GM"]
[WhiteElo "2748"]
[BlackElo "2720"]
[WhiteFideId "24116068"]
[BlackFideId "5029465"]
[EventDate "2025.08.07"]

1. e4 e5 2. Nf3 Nc6 3. Bc4 Bc5 4. O-O Nf6 5. d3 d6 6. c3 a5 7. Bg5 h6 8. Bh4 Bd7
9. Nbd2 Ba7 10. Rc1 O-O 11. Re1 g5 12. Bg3 Ne7 13. d4 Ng6 14. h3 Re8 15. Bd3 g4
16. hxg4 Nxg4 17. Nh2 h5 18. Be2 Qg5 19. Ndf3 Qe7 20. Nxg4 Bxg4 21. Nd2 Bxe2 22.
Qxe2 h4 23. Bh2 exd4 24. Nf3 dxc3 25. Rxc3 Bc5 26. a3 Qf6 27. Qc2 Bb6 28. Rd3
Re6 29. Rd5 Rae8 30. Rh5 Bd4 31. Rxa5 Bxb2 32. Rb5 Bxa3 33. Rxb7 Bc5 34. Rb5 Qf5
35. Bxd6 Bxf2+ 36. Qxf2 Qxb5 37. Nd4 Qc4 38. Nxe6 Rxe6 39. Bh2 c5 40. Qe3 Qd4
41. Qxd4 cxd4 42. Kf2 Rc6 43. Rd1 Rc2+ 44. Kg1 Rc4 45. Kf1 f6 46. Bg1 d3 47.
Rxd3 Rxe4 48. Rd4 Re5 49. Bf2 Rh5 50. Kg1 h3 51. gxh3 Rxh3 52. Kg2 Rb3 53. Bg3
Kf7 54. Ra4 Nf8 55. Bh4 Ne6 56. Bxf6 Kxf6 57. Ra5 Nd4 58. Kf2 Nf5 59. Ke2 Kg5
60. Ra4 Ng3+ 61. Kd2 Kf5 62. Kc2 Re3 63. Ra8 Ne4 64. Rf8+ Ke5 65. Re8+ Kd4 66.
Rd8+ Kc4 67. Rc8+ Nc5 68. Kd2 Re7 69. Rc6 Rd7+ 70. Ke3 Rd3+ 71. Ke2 Rh3 72. Rc8
Kd4 73. Rd8+ Kc3 74. Rc8 Kc4 75. Re8 Nd3 76. Rc8+ Kd4 77. Rd8+ Ke4 78. Re8+ Ne5
79. Kd2 Rh2+ 80. Kc3 Re2 81. Rh8 Re3+ 82. Kc2 Ra3 83. Re8 Ra5 84. Kc3 Rc5+ 85.
Kb3 Kd4 86. Rd8+ Ke3 87. Rh8 Nf3 88. Kb4 Rc1 89. Rh7 Kd3 90. Rh3 Rc4+ 91. Kb5
Rf4 92. Kc5 Rf5+ 93. Kd6 Kd4 94. Rh1 Rf6+ 95. Ke7 Rb6 96. Rf1 Ke4 97. Rh1 Kd5
98. Rd1+ Ke5 99. Kd7 Nd4 100. Kc7 Rb2 101. Rh1 Ne6+ 102. Kc6 Rc2+ 103. Kb6 Kd5
104. Rh5+ Kd6 105. Kb5 Nf4 106. Rh1 Rc5+ 107. Kb4 Nd3+ 108. Kb3 Rc1 109. Rxc1
Nxc1+ 1/2-1/2

[Event "Quantbox Chennai GM 2025"]
[Site "Chennai IND"]
[Date "2025.08.13"]
[Round "7.1"]
[White "Vidit, Santosh Gujrathi"]
[Black "Karthikeyan, Murali"]
[Result "0-1"]
[WhiteTitle "GM"]
[BlackTitle "GM"]
[WhiteElo "2720"]
[BlackElo "2658"]
[WhiteFideId "5029465"]
[BlackFideId "5074452"]
[EventDate "2025.08.07"]

1. e4 e5 2. Nf3 Nc6 3. Bc4 Nf6 4. d3 h6 5. O-O d6 6. c3 Be7 7. Re1 O-O 8. h3 a6
9. Bb3 Re8 10. d4 Bf8 11. Nbd2 b5 12. Nf1 Bb7 13. Ng3 g6 14. a4 Bg7 15. axb5
axb5 16. Rxa8 Qxa8 17. Qd3 Na5 18. Bc2 Ba6 19. Qd1 Bb7 20. Bd3 exd4 21. Bxb5 Rb8
22. Nxd4 c5 23. Nf3 Nxe4 24. Nxe4 Bxe4 25. Qa4 Bd5 26. Bf1 Nb3 27. Qxa8 Rxa8 28.
Bf4 Bf8 29. Rd1 Be6 30. Bb5 g5 31. Bg3 Rb8 32. Be2 Rb6 33. h4 Be7 34. hxg5 hxg5
35. Nd2 Na5 36. b4 cxb4 37. cxb4 Rxb4 38. Nf3 d5 39. Ra1 Nc4 40. Nd4 Bc5 41.
Ra8+ Kg7 42. Nxe6+ fxe6 43. Rc8 Bd4 44. Bg4 Kf6 45. Re8 Rb1+ 46. Kh2 Rb6 47. f4
gxf4 48. Bh4+ Ke5 49. Bd8 Ne3 50. Bc7+ Kf6 51. Bd8+ Ke5 52. Bc7+ Kf6 53. Bd8+
Kg7 54. Bxe6 Rb3 55. Kh3 Rb1 56. Rg8+ Kh7 57. Kh4 f3 58. gxf3 Rh1+ 59. Kg5 Rg1+
60. Kh5 Rxg8 61. Bxg8+ Kxg8 62. Kg6 Kf8 63. f4 Ke8 64. Bg5 Kd7 65. f5 Ng4 66.
Bh4 Be5 67. Kh5 Nf6+ 68. Kg6 d4 69. Kf7 d3 70. Bg5 Ne4 71. Bh6 Bf6 0-1

[Event "Quantbox Chennai GM 2025"]
[Site "Chennai IND"]
[Date "2025.08.13"]
[Round "7.4"]
[White "Van Foreest, Jorden"]
[Black "Pranav, V"]
[Result "1/2-1/2"]
[WhiteTitle "GM"]
[BlackTitle "GM"]
[WhiteElo "2697"]
[BlackElo "2597"]
[WhiteFideId "1039784"]
[BlackFideId "25060783"]
[EventDate "2025.08.07"]

1. e4 e5 2. Nf3 Nc6 3. d4 exd4 4. Nxd4 Bb4+ 5. c3 Bc5 6. Be3 Bb6 7. Nf5 g6 8.
Bxb6 axb6 9. Ne3 Nf6 10. f3 O-O 11. Be2 d5 12. exd5 Qe7 13. Qd2 Rd8 14. c4 b5
15. Nc3 bxc4 16. O-O Nb4 17. Bxc4 Be6 18. Rad1 Nbxd5 19. Nexd5 Nxd5 20. Bxd5 c6
21. Qe3 cxd5 22. Nxd5 Qf8 23. Nc7 Bc4 24. Nxa8 Bxf1 25. Rxd8 Qxd8 26. Kxf1 Qxa8
27. a3 Qa4 28. Qc3 Qd1+ 29. Kf2 h5 30. h4 b5 31. g3 Qd6 32. f4 Qe6 33. Qd3 Qc6
34. b4 Qb6+ 35. Kf3 Qc6+ 36. Ke3 Qc1+ 37. Kd4 Qc6 38. Qb3 Qb6+ 39. Ke4 Qc6+ 40.
Qd5 Qc2+ 41. Qd3 Qc6+ 42. Kd4 Kh7 43. Qb3 Qb6+ 44. Ke4 Qc6+ 45. Qd5 Qc2+ 46. Ke5
Kg7 47. Kd6 Qa4 48. Qe5+ Kg8 49. Qe8+ Kg7 50. Qe3 Qa6+ 51. Kc7 Kh7 52. Kd7 Qb7+
53. Kd6 Qa8 54. Qe7 Kg8 55. Qd7 Qa6+ 56. Ke7 Kg7 57. Qd4+ f6 58. Qd3 Qa7+ 59.
Ke8 Qa8+ 60. Qd8 Qxa3 61. Qe7+ Kh6 62. Qf8+ Kh7 63. Qf7+ Kh6 64. Qxf6 Qa8+ 65.
Kf7 Qd5+ 66. Qe6 Qb7+ 67. Qe7 Qd5+ 68. Kf8 Qf5+ 69. Kg8 Qd5+ 70. Qf7 Qc4 71.
Qxc4 bxc4 72. b5 c3 73. b6 c2 74. b7 c1=Q 75. b8=Q Qc4+ 76. Kf8 Qc5+ 77. Kf7
Qd5+ 78. Ke7 Qe4+ 79. Qe5 Qb7+ 80. Kf6 Qc6+ 81. Qe6 Qc3+ 82. Kf7 Qxg3 83. Qc4
Qa3 84. Qc7 Qa2+ 85. Kf6 Qa6+ 86. Ke7 Qa3+ 87. Qd6 Qa7+ 88. Ke8 Qa8+ 89. Kf7
Qa2+ 90. Qe6 Qa7+ 91. Qe7 Qa2+ 92. Kf8 Qa8+ 93. Qe8 Qa7 94. Qe5 Qa8+ 95. Kf7
Qa2+ 96. Qe6 Qa7+ 97. Qe7 Qa2+ 98. Qe6 1/2-1/2

[Event "Quantbox Chennai GM 2025"]
[Site "Chennai IND"]
[Date "2025.08.13"]
[Round "7.5"]
[White "Robson, Ray"]
[Black "Nihal, Sarin"]
[Result "0-1"]
[WhiteTitle "GM"]
[BlackTitle "GM"]
[WhiteElo "2687"]
[BlackElo "2692"]
[WhiteFideId "2023970"]
[BlackFideId "25092340"]
[EventDate "2025.08.07"]

1. d4 d5 2. c4 e6 3. Nc3 a6 4. cxd5 exd5 5. Nf3 Nc6 6. Bf4 Nf6 7. e3 Nh5 8. Bg5
Be7 9. Bxe7 Nxe7 10. Bd3 O-O 11. h3 Nf6 12. Qc2 g6 13. g4 Qd6 14. Ne2 Bd7 15.
Ng3 Bb5 16. g5 Nd7 17. h4 Rfe8 18. Kf1 Bxd3+ 19. Qxd3 c5 20. dxc5 Nxc5 21. Qa3
Qb6 22. Kg2 Ne4 23. Nxe4 dxe4 24. Nd4 Rad8 25. Qb3 Qa5 26. Qc4 Nf5 27. Nxf5 Qxf5
28. Qe2 Rd3 29. Rad1 Rc8 30. Rxd3 exd3 31. Qf3 Qd7 32. Rd1 d2 33. Qf4 b5 34. Qd4
Qxd4 35. exd4 Rc2 36. b4 Rxa2 37. Kf3 Rb2 38. Ke3 Rxb4 39. Rxd2 a5 40. d5 Kf8
41. Rc2 a4 42. Rc7 a3 43. d6 Ke8 0-1

[Event "Quantbox Chennai GM 2025"]
[Site "Chennai IND"]
[Date "2025.08.14"]
[Round "8.1"]
[White "Karthikeyan, Murali"]
[Black "Nihal, Sarin"]
[Result "1/2-1/2"]
[WhiteTitle "GM"]
[BlackTitle "GM"]
[WhiteElo "2658"]
[BlackElo "2692"]
[WhiteFideId "5074452"]
[BlackFideId "25092340"]
[EventDate "2025.08.07"]

1. e4 Nf6 2. e5 Nd5 3. d4 d6 4. Nf3 dxe5 5. Nxe5 g6 6. Bc4 c6 7. O-O Bg7 8. Re1
O-O 9. c3 Nd7 10. Nxd7 Qxd7 11. Nd2 b6 12. Nf3 Bb7 13. Bg5 Rfe8 14. Qe2 Rad8 15.
Rad1 Qc8 16. Bb3 b5 17. h4 a6 18. h5 Qg4 19. hxg6 hxg6 20. Qd2 c5 21. dxc5 Nxc3
22. Qf4 Qxf4 23. Rxd8 Rxd8 24. Bxf4 Nd5 25. Be5 e6 26. Bxd5 Rxd5 27. Bxg7 Kxg7
28. b4 Kf6 29. Kf1 g5 30. Re3 g4 31. Ne1 Rd4 32. a3 Bd5 33. f3 g3 34. Nd3 Bc4
35. Ke2 Kf5 36. Kd2 f6 37. f4 Kg4 38. Kc3 Rd8 39. Nc1 e5 40. fxe5 f5 41. Ne2 f4
42. Re4 Bxe2 43. Rxe2 Rg8 44. Re4 Kf5 45. Re1 f3 46. gxf3 g2 47. Rg1 Kxe5 48. c6
Kd6 49. Kd4 Kxc6 50. Ke3 Kd5 51. Kf2 Rc8 52. Rd1+ Ke5 53. Kxg2 Rc3 54. Re1+ Kf5
55. Ra1 Kf4 56. a4 Rc2+ 57. Kf1 Rb2 58. axb5 axb5 59. Ra3 Rxb4 60. Ke2 Ra4 61.
Rb3 Ke5 1/2-1/2

[Event "Quantbox Chennai GM 2025"]
[Site "Chennai IND"]
[Date "2025.08.14"]
[Round "8.2"]
[White "Pranav, V"]
[Black "Robson, Ray"]
[Result "1/2-1/2"]
[WhiteTitle "GM"]
[BlackTitle "GM"]
[WhiteElo "2597"]
[BlackElo "2687"]
[WhiteFideId "25060783"]
[BlackFideId "2023970"]
[EventDate "2025.08.07"]

1. e4 c5 2. Nf3 d6 3. d4 cxd4 4. Nxd4 Nf6 5. Nc3 a6 6. g3 e5 7. Nb3 Be7 8. Bg2
O-O 9. O-O Be6 10. Re1 Nbd7 11. a4 b6 12. Nd2 Rb8 13. Nf1 b5 14. axb5 axb5 15.
Ne3 Re8 16. Bd2 Qc8 17. Qe2 b4 18. Ncd5 Nc5 19. Ra7 Rb7 20. Rxb7 Qxb7 21. Nxf6+
Bxf6 22. b3 Nxe4 23. Nc4 d5 24. Bxe4 Qc7 25. Ne3 dxe4 26. Bxb4 Bg5 27. Nf1 Rc8
28. h4 Bd8 29. Rd1 Qb7 30. Bc5 Ba5 31. Bd6 Bc3 32. Bc5 Ba5 33. Bd6 Bc3 34. Bc5
Ba5 35. Bd6 Bc3 1/2-1/2

[Event "Quantbox Chennai GM 2025"]
[Site "Chennai IND"]
[Date "2025.08.14"]
[Round "8.4"]
[White "Giri, Anish"]
[Black "Liang, Awonder"]
[Result "1/2-1/2"]
[WhiteTitle "GM"]
[BlackTitle "GM"]
[WhiteElo "2748"]
[BlackElo "2696"]
[WhiteFideId "24116068"]
[BlackFideId "2056437"]
[EventDate "2025.08.07"]

1. e4 e5 2. Nf3 Nc6 3. Bb5 Nf6 4. d3 d6 5. c3 a6 6. Ba4 g6 7. O-O Bg7 8. Re1 O-O
9. h3 h6 10. Be3 Nd7 11. Bb3 Kh8 12. Bc1 b5 13. a4 Bb7 14. axb5 axb5 15. Rxa8
Bxa8 16. Na3 b4 17. Nc2 bxc3 18. bxc3 Ne7 19. Ne3 Kh7 20. Bc2 c5 21. Bd2 d5 22.
Qe2 c4 23. Nxd5 cxd3 24. Qxd3 Nxd5 25. exd5 Nc5 26. Qc4 Bxd5 27. Qxc5 Bxf3 28.
Be3 Ba8 29. Rd1 Qc8 30. Bb3 Qf5 31. Bd5 Rc8 32. Qb4 Qc2 33. Bb3 Qf5 34. Bd5 Qc2
35. Bb3 Qf5 36. Bd5 Qc2 37. Bb3 1/2-1/2

[Event "Quantbox Chennai GM 2025"]
[Site "Chennai IND"]
[Date "2025.08.15"]
[Round "9.2"]
[White "Liang, Awonder"]
[Black "Vidit, Santosh Gujrathi"]
[Result "1/2-1/2"]
[WhiteTitle "GM"]
[BlackTitle "GM"]
[WhiteElo "2696"]
[BlackElo "2720"]
[WhiteFideId "2056437"]
[BlackFideId "5029465"]
[EventDate "2025.08.07"]

1. e4 e5 2. Nf3 Nc6 3. Nc3 Nf6 4. Bb5 Nd4 5. Nxd4 exd4 6. e5 dxc3 7. exf6 Qxf6
8. dxc3 Bc5 9. Qe2+ Qe7 10. Qxe7+ Kxe7 11. O-O d6 12. Bg5+ Kf8 13. Rfe1 Be6 14.
a4 h6 15. Be3 Bxe3 16. Rxe3 a5 17. Rae1 g6 18. Bd3 Bd7 19. b3 Re8 20. Rxe8+ Bxe8
21. f3 g5 22. Kf2 Bd7 23. g3 Rg8 24. Bb5 Be6 25. Bd3 Kg7 26. Rh1 b6 27. h4 Rh8
28. Ke3 Re8 29. Kf2 Rh8 30. Ke3 Re8 31. Kf2 Rh8 1/2-1/2

[Event "Quantbox Chennai GM 2025"]
[Site "Chennai IND"]
[Date "2025.08.15"]
[Round "9.3"]
[White "Van Foreest, Jorden"]
[Black "Giri, Anish"]
[Result "0-1"]
[WhiteTitle "GM"]
[BlackTitle "GM"]
[WhiteElo "2697"]
[BlackElo "2748"]
[WhiteFideId "1039784"]
[BlackFideId "24116068"]
[EventDate "2025.08.07"]

1. d4 Nf6 2. c4 e6 3. Nc3 Bb4 4. Qc2 O-O 5. a3 Bxc3+ 6. Qxc3 d5 7. e3 b6 8. b4
Nbd7 9. cxd5 Nxd5 10. Qb2 c5 11. Nf3 Qc7 12. Bd2 c4 13. Qc2 b5 14. Ng5 N7f6 15.
e4 e5 16. exd5 exd4 17. O-O-O c3 18. Kb1 a5 19. Bc1 Qb6 20. Bd3 h6 21. Nf3 Bg4
22. Nxd4 Bxd1 23. Rxd1 axb4 24. Qb3 bxa3 25. Bc2 a2+ 26. Ka1 b4 27. Nf5 Qxf2 28.
d6 Rfe8 29. Ne7+ Kh8 30. Bxh6 Nd7 31. Bc1 Nc5 32. Rd3 Nxb3+ 33. Bxb3 Qb2+ 0-1

[Event "Quantbox Chennai GM 2025"]
[Site "Chennai IND"]
[Date "2025.08.15"]
[Round "9.5"]
[White "Nihal, Sarin"]
[Black "Pranav, V"]
[Result "1-0"]
[WhiteTitle "GM"]
[BlackTitle "GM"]
[WhiteElo "2692"]
[BlackElo "2597"]
[WhiteFideId "25092340"]
[BlackFideId "25060783"]
[EventDate "2025.08.07"]

1. d4 Nf6 2. c4 e6 3. Nc3 Bb4 4. Nf3 b6 5. e3 Bb7 6. Bd3 O-O 7. O-O c5 8. Na4
cxd4 9. a3 Be7 10. exd4 d6 11. b4 Nbd7 12. Bb2 Rc8 13. Re1 Re8 14. h3 Rc7 15.
Bf1 Qa8 16. Nd2 Bf8 17. Nc3 a6 18. Nb3 Rec8 19. Rc1 g6 20. Qd2 h5 21. f3 Kh7 22.
Qf2 Bh6 23. Rcd1 Rg8 24. d5 exd5 25. cxd5 Re8 26. Ne4 Nxe4 27. fxe4 Kg8 28. Qd4
Kh7 29. Nd2 b5 30. Nf3 Qd8 31. Bd3 f6 32. Qf2 Ne5 33. Nd4 Bc8 34. Nc6 Nxc6 35.
dxc6 Rxc6 36. Bxf6 Qc7 37. Qg3 Qf7 38. Rf1 Bg7 39. Qg5 Bh6 40. Qh4 Qc7 41. e5
Rxe5 42. Bxe5 dxe5 43. Qxh5 Kg7 44. Qf3 Bf4 45. Be4 Rf6 46. Qd3 Be6 47. Kh1 Rf7
48. Qd8 Qc3 49. Qh4 Qxa3 50. Rxf4 exf4 51. Rd8 Rf8 52. Qe7+ Rf7 53. Qxe6 Qg3 54.
Bxg6 Rf6 55. Qg8+ 1-0